| 000 | 00422 a2200133 4500 | ||
|---|---|---|---|
| 082 | _a320.93 | ||
| 100 |
_aBarker, Ernest. _937612 |
||
| 245 |
_aGreek political theory _cPlato and his predecessors _hErnest Barker |
||
| 260 |
_aNewDelhi: _bCOSMO Publications, _c2007. |
||
| 300 |
_a403 p. _c21 cm. |
||
| 500 | _a Includes Index | ||
| 650 |
_a1.Political science--Greece--History. 2.Plato. _9112378 |
||
| 942 |
_cBK _k320.938 BAR _2ddc |
||
| 999 |
_c7100 _d7100 |
||